000 00541nam a2200169 i 4500
001 60347
003 ES-MaACL
005 20230906164221.0
007 t|
008 031104s1963 sp ||||1| spa d
100 1 _aEspí Valdés, Adrián.
_947819
245 1 4 _aLos pintores de Alcoy y el cuadro de historia /
_cAdrián Espí Valdés.
260 _aAlcoy :
_bInstituto Alcoyano de Cultura "Andrés Sempere",
_c1963.
300 _a148 p., 7 lám. ;
_c21 cm.
852 _aES-MaACL
_jC-25024
_bR.53505
852 _aES-MaACL
_jC-25968
_bR.54822
999 _c60347
_d60347